| 000 | 00558nam a2200205 a 4500 | ||
|---|---|---|---|
| 005 | 20210219153446.0 | ||
| 008 | 991125n 000 0 u | ||
| 035 | _aUPN01000101092 | ||
| 100 | _aTopping, Keith | ||
| 222 | _aJOURNAL OF RESEARCH IN READING | ||
| 245 | _aThe structure and development of the paired reading technique | ||
| 300 | _a120-136 | ||
| 362 | _a15, No. 2, 1992 | ||
| 505 | _aFebrero 1993 | ||
| 653 | 0 | _aINSTRUCCION DE LA LECTURA | |
| 653 | 0 | _aTUTORIA | |
| 700 | _aLindsay, Geoff | ||
| 904 |
_aAC _b038903 |
||
| 905 | _aArticulo | ||
| 999 |
_c77434 _d77434 |
||